000 00374 a2200109 4500
001 ART_42682
005 20260410162006.0
008 260409a
245 1 0 _aEl deber de prevención y su regulación en el Código Civil y Comercial de la Nación
100 1 _aWeingarten, Celia
773 0 _tTemas de derecho civil
_g- Año 3, Nº 7 (jul. 2017)
_wREV34778
999 _c31691
_d31691